00403nam a2200121Ia 4500008004100000245005800041245002000099260000900119650001300128856004800141999001900189952007300208171211s9999 xx 000 0 und d a80,000 Hours: Find a fulfilling career that does good cBenjamin J Todd c2016 xBUSINESS uhttp://down.ebook777.com/063/1537324004.pdf c349446d349446 001040aCLbCLd2017-12-11l0r2017-12-11 00:00:00w2017-12-11yCBE